|
|
|
|
| LEADER |
00000cam a2200000 7i4500 |
| 001 |
0000006722 |
| 002 |
000007247 |
| 005 |
20000330.0 |
| 020 |
|
|
|a 9836224548
|
| 090 |
0 |
0 |
|a JF
|b YUL
|
| 245 |
1 |
0 |
|a Dongeng rakyat dunia 5
|c Yulis Haji Alwi
|
| 260 |
|
|
|a Kuala Lumpur :
|b DBP ,
|c 1994
|
| 300 |
|
|
|a 103p. ;
|c 18cm.
|
| 490 |
0 |
|
|a Novel remaja
|
| 650 |
0 |
0 |
|a Flok literature
|
| 999 |
|
|
|a 039497
|b BUKU
|c YOUTH FICTION
|e PERPUSTAKAAN KOMUNITI PETALING JAYA
|
| 999 |
|
|
|a 039498
|b BUKU
|c PINJAMAN
|e PERPUSTAKAAN KOMUNITI PETALING JAYA
|
| 999 |
|
|
|a 055462
|b BUKU
|c PINJAMAN
|e PERPUSTAKAAN KOMUNITI CAW KOTA DAMANSARA
|